| 000 | 01679cam a2200325 i 4500 | ||
|---|---|---|---|
| 999 |
_c721 _d721 |
||
| 001 | 19461432 | ||
| 003 | OSt | ||
| 005 | 20250224105848.0 | ||
| 008 | 170123t20182018at a b 001 0 eng c | ||
| 010 | _a 2017931947 | ||
| 020 | _a9781337117562 | ||
| 035 | _a(OCoLC)ocn962048801 | ||
| 040 |
_aYDX _beng _cKCST |
||
| 042 | _apcc | ||
| 050 | 0 | 0 |
_aQA76.73.C153 _bM268 2018 |
| 082 |
_a005.133 _bMa Cp |
||
| 100 | 1 |
_aMalik, D. S., _eauthor. _95428 |
|
| 245 | 1 | 0 |
_aC++ programming : _bprogram design including data structures / _cD.S. Malik. |
| 246 | 3 |
_aC plus plus programming : _bprogram design including data structures |
|
| 250 | _aEighth edition. | ||
| 260 |
_aBoston, MA: _bCengage Learning; _c2018 |
||
| 300 |
_axxxviii, 1679 pages : _billustrations ; _c24 cm |
||
| 336 |
_atext _btxt _2rdacontent |
||
| 500 | _aPrevious edition: 2015. | ||
| 504 | _aIncludes bibliographical references (pages 1597) and index. | ||
| 505 | 0 | _aAn overview of computers and programming languages -- Basic elements of C++ -- Input/Output -- Control structures I (Selection) -- Control structures II (Repetition) -- User-defined fuctions -- User-defined simple data types, namespaces, and the string type -- Arrays and strings -- Records (structs) -- Classes and data abstraction -- Inheritance and composition -- Pointers, classes, virtual functions, abstract classes, and lists -- Overloading and templates -- Exception handling -- Recursion -- Linked lists -- Stacks and queues -- Searching and sorting algorithms -- Binary trees -- Graphs -- Standard template library (STL). | |
| 650 | 0 |
_aC++ (Computer program language) _9162 |
|
| 650 | 0 |
_aComputer programming. _95429 |
|
| 942 |
_2ddc _cCTBK |
||